| 000 | 00793nam a2200241 a 4500 | ||
|---|---|---|---|
| 001 | 1574 | ||
| 003 | BR-CuiBMT | ||
| 005 | 20231215222636.0 | ||
| 008 | 231215s2012 prba 001 0 por d | ||
| 020 | _a9788565017039 | ||
| 040 |
_aBR-CuiBMT _cBR-CuiBMT |
||
| 080 |
_22007 _a811.134.3 |
||
| 090 |
_a811.134.3 _bP579n |
||
| 100 | 1 |
_aPiacentini, Maria Tereza de Queiroz, _d 1951- |
|
| 245 |
_aNão tropece na língua : _blições e curiosidades do português brasileiro / _cMaria Tereza de Queiroz Piacentini. |
||
| 260 |
_aCuritiba : _bBonijuris, _c2012. |
||
| 300 |
_a302 p.: _bil. _c23 cm |
||
| 504 | _ainclui bibliografia e índice. | ||
| 650 |
_aLíngua portuguesa _xgramática |
||
| 650 |
_aLíngua portuguesa _xerros de uso |
||
| 650 |
_aGramática _xestudo e ensino |
||
| 942 |
_2udc _cLV |
||
| 999 |
_c1574 _d1574 |
||